[Event "POL-chT3 Kujawsko Pomorskie 1314"]
[Site "Poland"]
[Date "2013.??.??"]
[Round "1.2"]
[White "Lewandowski, Krzysztof"]
[Black "Darowicki, Mariusz"]
[Result "1-0"]
[WhiteElo "2113"]
[BlackElo "1894"]
[PlyCount "85"]
[EventDate "2013.11.03"]
[EventType "team-tourn"]
[EventRounds "11"]
[EventCountry "POL"]
[SourceTitle "EXT 2015"]
[Source "ChessBase"]
[SourceDate "2014.11.20"]
[SourceVersion "1"]
[SourceVersionDate "2014.11.20"]
[SourceQuality "1"]
[WhiteTeam "Bydgoszcz SSz Pocztowiec"]
[BlackTeam "Swiecie Gambit"]
[WhiteTeamCountry "POL"]
[BlackTeamCountry "POL"]

1. d4 Nf6 2. c4 g6 3. Nc3 d5 4. Nf3 Bg7 5. Bf4 c6 6. e3 0-0 7. Qb3 dxc4 8. Bxc4 b5 9. Be2 Be6 10. Qc2 Na6 11. Ng5 Bd7 12. 0-0 Nb4 13. Qd2 Nbd5 14. Nxd5 Nxd5 15. Bg3 e5 16. Nf3 e4 17. Ne5 f6 18. Nxd7 Qxd7 19. a4 a6 20. Rfc1 f5 21. Bd1 g5 22. Bb3 Kh8 23. axb5 axb5 24. Rxa8 Rxa8 25. h3 f4 26. Bh2 f3 27. Bg3 fxg2 28. Kxg2 Ne7 29. Bd1 Qe6 30. Rc5 h6 31. Qc2 Ra6 32. Bg4 Qg6 33. Qd1 Ra8 34. Be5 Rf8 35. Bh5 Qe6 36. Qg4 Nf5 37. Qxe4 Nh4+ 38. Kg3 Kg8 39. Rxc6 Qe7 40. Qd5+ Kh7 41. Rc7 Nf5+ 42. Kh2 Qb4 43. Bg4 1-0

[Event "Ostroda op 8th"]
[Site "Ostroda"]
[Date "2011.08.08"]
[Round "6"]
[White "Lewandowski, Krzysztof"]
[Black "Kobus, Sebastian"]
[Result "1/2-1/2"]
[WhiteElo "2140"]
[BlackElo "2104"]
[PlyCount "115"]
[EventDate "2011.08.04"]
[EventType "swiss"]
[EventRounds "9"]
[EventCountry "POL"]
[SourceTitle "CBM 143 Extra"]
[Source "ChessBase"]
[SourceDate "2011.08.29"]
[SourceVersion "1"]
[SourceVersionDate "2011.08.29"]
[SourceQuality "1"]

1. d4 g6 2. c4 Bg7 3. Nc3 Nf6 4. e4 d6 5. f3 0-0 6. Be3 Nbd7 7. Qd2 e5 8. d5 a5 9. Bd3 Nc5 10. Bc2 Bd7 11. Nge2 Ne8 12. 0-0 f5 13. exf5 Bxf5 14. Bxf5 gxf5 15. Rab1 Qf6 16. b3 Qg6 17. Kh1 Nf6 18. g3 Rf7 19. a3 Nh5 20. b4 axb4 21. axb4 Nd7 22. Ra1 Rxa1 23. Rxa1 e4 24. f4 Qg4 25. Bd4 Nb6 26. Bxg7 Rxg7 27. Qd4 Qf3+ 28. Kg1 Qd3 29. Qxd3 exd3 30. Nd4 Nxc4 31. Ra8+ Kf7 32. Nxf5 Rg6 33. Rc8 Nxf4 34. Rxc7+ Kf6 35. Rxc4 Ne2+ 36. Nxe2 dxe2 37. Kf2 Kxf5 38. Rc7 Rh6 39. h4 Ke5 40. Kxe2 Kxd5 41. Rxb7 Ke4 42. b5 d5 43. b6 Kd4 44. Rc7 Re6+ 45. Kf3 Rf6+ 46. Kg2 Rxb6 47. Rxh7 Ke4 48. Rd7 d4 49. Kh3 Rb5 50. Kg4 d3 51. Rf7 d2 52. Rf1 Rb8 53. h5 Rg8+ 54. Kh4 Rd8 55. Rd1 Kf3 56. h6 Rd4+ 57. Kh5 Rd5+ 58. Kg6 1/2-1/2

[Event "POL-chT3 Kujawsko Pomorskie 1011"]
[Site "Poland"]
[Date "2011.04.17"]
[Round "11.32"]
[White "Lewandowski, Krzysztof"]
[Black "Licznerski, Lukasz"]
[Result "0-1"]
[WhiteElo "2141"]
[BlackElo "2103"]
[PlyCount "96"]
[EventDate "2010.11.07"]
[EventType "team-tourn"]
[EventRounds "11"]
[EventCountry "POL"]
[SourceTitle "EXT 2019"]
[Source "ChessBase"]
[SourceDate "2018.10.10"]
[SourceVersion "1"]
[SourceVersionDate "2018.10.10"]
[SourceQuality "1"]

1. d4 Nf6 2. c4 c5 3. d5 b5 4. cxb5 a6 5. b6 e6 6. Nc3 Nxd5 7. Nxd5 exd5 8. Qxd5 Nc6 9. e4 Be7 10. Nf3 0-0 11. Bc4 Bb7 12. Qd1 Bf6 13. 0-0 Nd4 14. Be3 d5 15. Bxd5 Bxd5 16. exd5 Qxd5 17. Nxd4 cxd4 18. Bf4 Bd8 19. Bc7 Bxc7 20. bxc7 Rfc8 21. Rc1 Ra7 22. Re1 g6 23. Qa4 Rcxc7 24. Rcd1 Rd7 25. Re8+ Kg7 26. Qa3 Qd6 27. Qxd6 Rxd6 28. Kf1 Rc7 29. Ke2 Rc2+ 30. Rd2 d3+ 31. Ke3 Rc1 32. Rb8 Re1+ 33. Kf3 Rf6+ 34. Kg3 Re2 35. Rxd3 Rfxf2 36. Rdb3 Rxg2+ 37. Kf3 Rxh2 38. a4 h5 39. R3b6 Rhf2+ 40. Kg3 g5 41. Rxa6 Rxb2 42. Re8 Rfe2 43. Rxe2 Rxe2 44. Rb6 Re3+ 45. Kf2 Rd3 46. Rb5 Kg6 47. a5 h4 48. Kg2 f5 0-1

[Event "POL-chT4 Kujawsko Pomorskie 0910"]
[Site "Poland"]
[Date "2010.04.26"]
[Round "10.1"]
[White "Lewandowski, Krzysztof"]
[Black "Jankowski, Dawid"]
[Result "1-0"]
[WhiteElo "2157"]
[BlackElo "1774"]
[PlyCount "83"]
[EventDate "2009.11.08"]
[EventType "team-swiss"]
[EventRounds "11"]
[EventCountry "POL"]
[SourceTitle "EXT 2020"]
[Source "ChessBase"]
[SourceDate "2019.10.17"]
[SourceVersion "1"]
[SourceVersionDate "2019.10.17"]
[SourceQuality "1"]

1. d4 Nf6 2. c4 c5 3. d5 b5 4. cxb5 a6 5. b6 Qxb6 6. Nc3 d6 7. e4 g6 8. Be2 Bg7 9. Nf3 Bg4 10. Nd2 Bxe2 11. Qxe2 Nbd7 12. Nc4 Qc7 13. a4 0-0 14. a5 Rfb8 15. Na4 Rb5 16. 0-0 e6 17. dxe6 fxe6 18. Bf4 e5 19. Bg5 Qc6 20. Nc3 Rb3 21. Bxf6 Nxf6 22. Nxe5 dxe5 23. Qc4+ Kh8 24. Qxb3 Nxe4 25. Qb6 Qxb6 26. axb6 Nd6 27. Rfd1 Bf8 28. Rd5 Nc4 29. b7 Rb8 30. Rd7 Nd6 31. Rxa6 Nxb7 32. Ra7 Nd6 33. Rxh7+ Kg8 34. Nd5 Ne8 35. Rhb7 Rd8 36. Rd7 Rb8 37. Ne7+ Bxe7 38. Rxe7 Nf6 39. h3 e4 40. Rg7+ Kh8 41. Rxg6 Nd5 42. Rg5 1-0

[Event "POL-chT3 Kujawsko Pomorskie 0809"]
[Site "Poland"]
[Date "2009.02.08"]
[Round "7.7"]
[White "Krainski, Slawomir"]
[Black "Lewandowski, Krzysztof"]
[Result "1-0"]
[WhiteElo "2127"]
[BlackElo "2163"]
[PlyCount "39"]
[EventDate "2008.11.09"]
[EventType "team-tourn"]
[EventRounds "11"]
[EventCountry "POL"]
[SourceTitle "EXT 2019"]
[Source "ChessBase"]
[SourceDate "2018.10.10"]
[SourceVersion "1"]
[SourceVersionDate "2018.10.10"]
[SourceQuality "1"]

1. e4 Nf6 2. e5 Nd5 3. c4 Nb6 4. c5 Nd5 5. Bc4 e6 6. d4 d6 7. cxd6 cxd6 8. Nf3 Be7 9. 0-0 0-0 10. exd6 Qxd6 11. Nc3 Nxc3 12. bxc3 Qc7 13. Qe2 b6 14. Re1 Bb7 15. d5 Bf6 16. dxe6 fxe6 17. Qxe6+ Kh8 18. Ba3 Nd7 19. Bxf8 Nxf8 20. Qg8# 1-0

[Event "POL-chT3 Kujawsko Pomorskie 0708"]
[Site "Poland"]
[Date "2008.03.09"]
[Round "9.7"]
[White "Lewandowski, Krzysztof"]
[Black "Krainski, Slawomir"]
[Result "1/2-1/2"]
[WhiteElo "2176"]
[BlackElo "2103"]
[PlyCount "74"]
[EventDate "2007.11.04"]
[EventType "team-tourn"]
[EventRounds "11"]
[EventCountry "POL"]
[SourceTitle "EXT 2019"]
[Source "ChessBase"]
[SourceDate "2018.10.10"]
[SourceVersion "1"]
[SourceVersionDate "2018.10.10"]
[SourceQuality "1"]

1. d4 d6 2. c4 e5 3. Nf3 e4 4. Ng5 f5 5. g3 c6 6. Bg2 Be7 7. Nh3 Nf6 8. 0-0 0-0 9. Nc3 Na6 10. Rb1 Nc7 11. d5 cxd5 12. cxd5 Qe8 13. f3 Nb5 14. Nf2 exf3 15. exf3 Bd7 16. Re1 Qf7 17. Nh3 h6 18. Nf4 Nc7 19. Qd4 Rfe8 20. Bf1 Bd8 21. Rxe8+ Ncxe8 22. Be3 Nh5 23. Ne6 Bb6 24. Qd2 Bxe3+ 25. Qxe3 f4 26. Nxf4 Nxf4 27. Qxf4 Qxf4 28. gxf4 Nf6 29. Ne4 Bf5 30. Re1 Rd8 31. Nxf6+ gxf6 32. Re7 Rd7 33. Rxd7 Bxd7 34. Bd3 Kf7 35. Kf2 f5 36. Ke3 Ke7 37. Kd4 Kd8 1/2-1/2

[Event "POL-chT3 Kujawsko Pomorskie 0708"]
[Site "Poland"]
[Date "2008.02.24"]
[Round "8.25"]
[White "Konieczynski, Piotr"]
[Black "Lewandowski, Krzysztof"]
[Result "1/2-1/2"]
[WhiteElo "1948"]
[BlackElo "2176"]
[PlyCount "101"]
[EventDate "2007.11.04"]
[EventType "team-tourn"]
[EventRounds "11"]
[EventCountry "POL"]
[SourceTitle "EXT 2019"]
[Source "ChessBase"]
[SourceDate "2018.10.10"]
[SourceVersion "1"]
[SourceVersionDate "2018.10.10"]
[SourceQuality "1"]

1. Nf3 Nf6 2. d4 c5 3. d5 e6 4. Nc3 exd5 5. Nxd5 Nxd5 6. Qxd5 Be7 7. e4 0-0 8. Be2 Nc6 9. c3 d6 10. 0-0 Be6 11. Qh5 h6 12. Rd1 f5 13. e5 d5 14. Qg6 Bf7 15. Qxf5 Qc8 16. Qf4 Qe6 17. Qg3 Rad8 18. Bf4 Kh8 19. h4 Bh5 20. Re1 Qf5 21. Bd2 Qc2 22. Bc1 Qe4 23. Bd1 Rxf3 24. Rxe4 Rxg3 25. Bxh5 dxe4 26. fxg3 Nxe5 27. b3 Kh7 28. Be2 Nd3 29. Be3 Bf6 30. Rd1 Be5 31. Bxc5 Bxg3 32. Bxa7 Ra8 33. Bxd3 exd3 34. Rxd3 Bxh4 35. Bd4 Rxa2 36. Rf3 Kg6 37. Rf8 b5 38. Rb8 Bg3 39. Rb6+ Kf5 40. Kf1 g5 41. Rxh6 b4 42. cxb4 Ke4 43. Rh3 Bf4 44. Bg7 Ra7 45. Bb2 Ra2 46. Bg7 Ra7 47. Bf6 g4 48. Rc3 Ra1+ 49. Ke2 Ra2+ 50. Kf1 Ra1+ 51. Ke2 1/2-1/2

[Event "EU-ch Union SCIPT 15th"]
[Site "Porto"]
[Date "2007.09.15"]
[Round "9"]
[White "Marques, Jose Carlos Capela"]
[Black "Lewandowski, Krzysztof"]
[Result "0-1"]
[WhiteElo "1961"]
[BlackElo "2176"]
[PlyCount "62"]
[EventDate "2007.09.10"]
[EventType "team-swiss"]
[EventRounds "9"]
[EventCountry "POR"]
[SourceTitle "EXT 2016"]
[Source "ChessBase"]
[SourceDate "2015.10.08"]
[SourceVersion "1"]
[SourceVersionDate "2015.10.08"]
[SourceQuality "1"]

1. e4 Nf6 2. d3 d5 3. Nc3 dxe4 4. Nxe4 Nxe4 5. dxe4 Qxd1+ 6. Kxd1 Nc6 7. Bf4 e5 8. Be3 Be6 9. Bb5 0-0-0+ 10. Ke2 Nd4+ 11. Bxd4 Rxd4 12. Nf3 Rxe4+ 13. Kd3 Rb4 14. a4 e4+ 15. Kc3 exf3 16. gxf3 a5 17. b3 Be7 18. Rad1 Bf6+ 19. Kd2 Rd8+ 20. Kc1 Rxd1+ 21. Rxd1 Rh4 22. Rh1 Be5 23. Bd3 Rxh2 24. Rxh2 Bxh2 25. Bxh7 g6 26. Kd2 Bf4+ 27. Kd3 Bf5+ 28. Kd4 Bxc2 29. Kc3 Bf5 30. Kd4 Bc2 31. Kc3 Bf5 0-1

[Event "EU-ch Union SCIPT 15th"]
[Site "Porto"]
[Date "2007.09.14"]
[Round "8"]
[White "Lewandowski, Krzysztof"]
[Black "Zboron, Marek"]
[Result "1/2-1/2"]
[WhiteElo "2176"]
[BlackElo "2016"]
[PlyCount "20"]
[EventDate "2007.09.10"]
[EventType "team-swiss"]
[EventRounds "9"]
[EventCountry "POR"]
[SourceTitle "EXT 2016"]
[Source "ChessBase"]
[SourceDate "2015.10.08"]
[SourceVersion "1"]
[SourceVersionDate "2015.10.08"]
[SourceQuality "1"]

1. d4 Nf6 2. c4 g6 3. Nc3 Bg7 4. e4 d6 5. f3 0-0 6. Be3 c6 7. Bd3 Nbd7 8. Nge2 e5 9. d5 c5 10. g4 a6 1/2-1/2